| 000 | 00346nam a22001457a 4500 | ||
|---|---|---|---|
| 003 | OSt | ||
| 005 | 20220404110415.0 | ||
| 008 | 220404b |||||||| |||| 00| 0 eng d | ||
| 020 | _a9788131728123 | ||
| 040 | _cHU | ||
| 082 |
_210th _a658.72/BAL |
||
| 100 |
_aBaily _935032 |
||
| 245 | _aProcurement Principles & Management | ||
| 942 |
_2ddc _cBOOKS _n0 |
||
| 999 |
_c34233 _d34233 |
||